| Registos Bibliográficos associados ao registo de autoridade |
|
Etiqueta de registo: 00254nam 2200025 450 001 2208108 003 http://id.bnportugal.gov.pt/bib/catbnp/2208108 010 ## $a978-989-9214-07-1 021 ## $aPT$b536432/24 100 ## $a20250314d2024 m y0pory01030103ba 101 1# $apor 102 ## $aPT 105 ## $ay z 000yd 106 ## $ar 200 1# $aReflexos de um poeta$e a última entrevista de Eugénio de Andrade (1923-2005)$forg., pról., introd. e entrevista Maria Bochicchio$gretrato José Rodrigues$gfot. Graça Martins 205 ## $a1ª ed 210 #9 $aPorto$cExclamação,$d2024 215 ## $a47 p.$d23 cm 225 2# $aEnsaio 327 1# $aContém 4 fac.-sím. de inéditos 675 ## $a929Andrade, Eugénio de(047.53)$vBN$zpor$31620753 675 ## $a821.134.3-1Andrade, Eugénio de.09(047.53)$vBN$zpor$31620754 700 #1 $aAndrade,$bEugénio de,$cpseud.$34886 701 #1 $aBochicchio,$bMaria$4470$31376660 701 #1 $912$aRodrigues,$bJosé$4440$31948417 702 #1 $aMartins,$bGraça,$f1952-$4600$386704 801 #0 $aPT$bBN$gRPC 856 41 $uhttp://rnod.bnportugal.gov.pt/ImagesBN/winlibimg.aspx?skey=&doc=2208108&img=205831&save=true 900 ## $aBIBNAC$d20250325 966 ## $lBN$mFGMON$sH.G. 87818 V.$x1 966 ## $lBN$mFGMON$sH.G. 87818 V.-D$x1 971 ## $corlando$d20250314 972 ## $e0$z0$d20250325$viquintas 973 ## $cigoulao$d20250317 974 ## $e0$d20250319$vrsimoes 975 ## $e0$d20250327$viraminhos
Etiqueta de registo: 00000nkm 2200025 450 001 2278802 003 http://id.bnportugal.gov.pt/bib/catbnp/2278802 100 ## $a20260310f1976 m y0pory01030103ba 101 0# $apor 102 ## $aPT 200 1# $aAs Artimanhas de Scapino, Molière$bVisual gráfico]$fTeatro Experimental do Porto$gJosé Rodrigues 210 #9 $aPorto$cTeatro Experimental do Porto,$d[1976]$ePorto :$gLito Invicta) 215 ## $a1 cartaz frente e verso$ccolor.$d30x23 cm 303 ## $aEspectáculo de Molière, comédia em 3 atos 306 ## $aDatação atribuída em conformidade com o acontecimento anunciado 317 ## $aColeção Madeira Luís 702 #1 $912$aRodrigues,$bJosé$4410$31948417 710 00 $aTeatro Experimental do Porto$34807 801 #0 $aPT$bBN$gRPC 966 ## $lBN$mICONOG$sCT. 6382 P.$x3 971 ## $cCaticonografia2$d20260310 972 ## $d20260314$e1$vfpinelo$z0 995 ## $aPRR2026
|
|
|